Adivina al Futbolista (Nivel Fácil) - Estadísticas

Estadísticas generales
  • Esta prueba ha sido intentada 18 veces
  • La puntuación promedio es 4 de 14
Estadísticas de respuestas
Imagen Respuesta % Correcto
Ethan Mbappé
86%
Luca Zidane
64%
Charly Musonda Jr
43%
Mitchel Bakker
43%
David Carmo
36%
Akor adams
29%
Mamadou Sylla
29%
Oliver McBurnie
29%
Fábio Cardoso
14%
Loren Morón
14%
Bambo Diaby
7%
Giorgi Tsitaishvili
7%
Lamare Bogarde
7%
Tai Abed
7%
No se encontraron pruebas coincidentes
Distribución de puntuación
Porcentaje de gente con cada puntuación
Porcentaje por número respondido
Historial de tus puntuaciones
No has intentado esta prueba.